| 000 | 00538nam a2200193Ia 4500 | ||
|---|---|---|---|
| 003 | GCL | ||
| 008 | 140319s9999 xx 000 0 eng d | ||
| 040 |
_aGCL / _cGCL |
||
| 082 | 0 | 4 |
_a629.83 _bG M |
| 100 | 1 | _aGRANTHAM, EALTER J. | |
| 245 | 1 | 0 |
_aMODERN CONTROL SYSTEM ANALYSIS AND DESIGN / _cGRANTHAM, EALTER J. |
| 700 | 1 | _aVINCET, THOMAS L. | |
| 260 |
_a[S.N] : _bJOHN WILEY AND SONS. INC ، _c1993 |
||
| 300 | _a353 P | ||
| 650 | 0 | 4 | _aLINGUISTICS |
| 650 | 0 | 4 | _aFEEDBACK CONTROL SYSTEMS |
| 650 | 0 | 4 | _aLINWAR SYSYEM |
| 942 |
_2ddc _cBK |
||
| 999 |
_c10733 _d10733 |
||